ANIMAL life and nature in Singpaore

Bibliographic Details
Other Authors: Chuang Shou Hwa
Format: Book
Published: Singapore : Singapore University Press , 1973
Subjects:

MARC

LEADER 00000cam a2200000 7i4500
001 0000000251
005 20000725.0
090 0 0 |a 591.95957   |b ANI 1973 
245 0 0 |a ANIMAL life and nature in Singpaore   |c edited by S.H. Chuang 
260 0 0 |a Singapore :   |b Singapore University Press ,   |c 1973 
300 |a xiv, 302 p. :   |b ill., col. plates, maps ;   |c 27 cm. 
500 0 0 |a Includes bibliographical references and index 
650 0 0 |a Natural history   |z Singapore 
650 0 0 |a Zoology   |z Singapore 
700 0 1 |a Chuang   |h S. H. [  |q Shou Hwa] 
999 |a 0000001458   |b Monograph   |c Open Shelf   |e Default branch